‎فن تز کر ہ نگا ر ی ا و ر عصر ی ر حجا نا ت (Record no. 92293)

MARC details
000 -LEADER
fixed length control field 00744nam a22002177a 4500
005 - DATE AND TIME OF LATEST TRANSACTION
control field 20150318104220.0
008 - FIXED-LENGTH DATA ELEMENTS--GENERAL INFORMATION
fixed length control field 140714b xxu||||| |||| 00| 0 Urdu d
010 ## - LCCN (DPL NO)
LC control number UR-8734
020 q# - INTERNATIONAL STANDARD BOOK NUMBER
International Standard Book Number 9789380279022
Terms of availability 400.00
035 ## - SYSTEM CONTROL NUMBER
System control number U-7289
037 ## - SOURCE OF ACQUISITION
Source of stock number/acquisition DBAD/Pub.
040 ## - CATALOGING SOURCE
Original cataloging agency DPL
Language of cataloging Urdu
082 ## - DEWEY DECIMAL CLASSIFICATION NUMBER
Classification number 840.8
100 ## - MAIN ENTRY--PERSONAL NAME
Personal name علو ی ،تنو ير ا حمد
110 ## - MAIN ENTRY--CORPORATE NAME
Subordinate unit -
245 ## - TITLE STATEMENT
Title ‎فن تز کر ہ نگا ر ی ا و ر عصر ی ر حجا نا ت
Statement of responsibility, etc علو ی ،تنو ير ا حمد
246 ## - VARYING FORM OF TITLE
Title proper/short title Fanne Tazkira Nigari Aur Asri Rujhanaat (Ek Mutaala)
Remainder of title By Tanvir Ahmed Alvi
260 ## - PUBLICATION, DISTRIBUTION, ETC. (IMPRINT)
Place of publication, distribution, etc د ھلی
Name of publisher, distributor, etc Shahid Publications
Date of publication, distribution, etc 2010
270 ## - ADDRESS
Address 2253,Resham Street,Kucha Chelan, Darya Ganj,
City New Delhi
Postal code 110002
300 ## - PHYSICAL DESCRIPTION
Extent 405ص
Dimensions 22Cm (Hb)

No items available.


© Delhi Public Library
Hit Counter
free hit counter